000 00490nam a22002051 4500
001 sa 68000629
003 DLC
005 20260227112425.0
008 710901s1967 ii 00000 eng
010 _asa 68000629
025 _aPL480:I-E-8905
050 0 _aHM51
_b.P7
082 _a301
100 1 0 _aPrasad, Ayodhya.
245 1 4 _aThe basis of society.
260 0 _aBombay,
_bPopular Prakashan
_c[1967]
300 _axii, 104 p.
_c22 cm.
350 _aRs15
650 0 _aSociology.
999 _c77342
_d77342